00675 a2200193 4500001000700000003000400007005001700011008004100028082001900069100002200088245008500110260003500195300001000230653007000240700001500310942001200325999001500337952012900352068715OSt20220312122804.0  a438.0071bB63G1 aBeier, Jean Boase1 aThe german language a linguistic introductioncby Jean Boase Beier and Ken Lodge aUKbBlackwell Publishingc2003 a254p. aGerman language--Study and teaching; Linguistics; German language aLodge, Ken 2ddccBK c2368d2368 00102ddc40708TXBaCURAJbCURAJd2012-03-07eENGg2233.58l1o438.0071 B63Gp3002r2024-11-21s2024-09-06w2020-09-02yBK